Country by Biggest Island - Statistics

General Stats
  • This quiz has been taken 15 times
  • The average score is 14 of 36
Answer Stats
Picture Answer % Correct
Denmark (Greenland)
92%
Iceland
92%
Madagascar
92%
Greece (Crete)
85%
Cyprus
77%
Italy (Sicily)
77%
Japan (Honshu)
77%
Canada (Baffin)
62%
New Zealand (South)
62%
Nauru
54%
Taiwan
54%
United States (Hawaiʻi)
54%
Jamaica
46%
Singapore
46%
Spain (Mallorca)
46%
Bahamas (Andros)
38%
Barbados
38%
China (Hainan)
38%
Yemen (Socotra)
31%
Bahrain
23%
Fiji (Viti Levu)
23%
Kiribati (Kiritimati)
23%
Sweden (Gotland)
23%
Tuvalu (Funafuti)
23%
Estonia (Saaremaa)
15%
Federated States of Micronesia (Pohnpei)
15%
Germany (Rügen)
15%
Mauritius
15%
Belize (Ambergris Caye)
8%
Comoros (Grande Comore
8%
Croatia (Cres and Kirk)
8%
Honduras (Roatan)
8%
Iran (Qeshm)
8%
Marshall Islands (Kwajalein)
8%
South Korea (Jeju)
8%
Venezuela (Margarita)
8%
No matching quizzes found
Score Distribution
Percent of People with Each Score
Percentile by Number Answered
Your Score History
You have not taken this quiz